|
|
|
|
| LEADER |
00000nab a2200000ua 4500 |
| 001 |
vtls010794095 |
| 003 |
SK-MaSNL |
| 005 |
20260303120311.0 |
| 008 |
230131s1962 xo |||||||||||||||||slo| |
| 035 |
|
|
|a (urnnbn)urn:nbn:sk:snk:ar-a01j1j
|
| 035 |
|
|
|a (uuid)8c6f3053-e2a8-42d2-9014-90f9324aef3b
|
| 035 |
|
|
|a urn:nbn:sk:snk-ab4em1
|
| 040 |
|
|
|a SNKBUCL
|b slo
|c SNKBUCL
|e AACR2
|
| 041 |
0 |
|
|a slo
|
| 044 |
|
|
|a xo
|c SK
|
| 100 |
1 |
|
|a Dorotjak, Dušan
|4 aut
|9 1130697
|
| 245 |
1 |
0 |
|a ĽUBIETOVÁ
|c Dušan Dorotjak
|
| 773 |
0 |
|
|t Vlastivedný časopis : časopis pre vlastivednú prácu, kultúrnu históriu, pamiatky a múzeá
|g Roč. 11, č. 2 (1962), s. 75-77
|
| 954 |
|
|
|a odborná, vedecká literatúra pôvodná (slovenská)
|2 lita
|
| 958 |
|
|
|a OND
|
| 958 |
|
|
|a EUIPO
|
| 958 |
|
|
|a article3
|
| 999 |
|
|
|c 1908733
|d 1910663
|